|
|
|
|
| LEADER |
00000cam a22000004a 4500 |
| 001 |
musev2_45375 |
| 003 |
MdBmJHUP |
| 005 |
20230905044738.0 |
| 006 |
m o d |
| 007 |
cr||||||||nn|n |
| 008 |
160119s2016 nhu o 00 0 eng d |
| 010 |
|
|
|z 2016002603
|
| 020 |
|
|
|a 9781611689396
|
| 020 |
|
|
|z 9781611688092
|
| 035 |
|
|
|a (OCoLC)935495425
|
| 040 |
|
|
|a MdBmJHUP
|c MdBmJHUP
|
| 100 |
1 |
|
|a Carr, Barnes,
|e author.
|
| 245 |
1 |
0 |
|a Operation Whisper :
|b The Capture of Soviet Spies Morris and Lona Cohen /
|c Barnes Carr.
|
| 264 |
|
1 |
|a Lebanon NH :
|b ForeEdge, an imprint of University Press of New England,
|c [2016]
|
| 264 |
|
3 |
|a Baltimore, Md. :
|b Project MUSE,
|c 2016
|
| 264 |
|
4 |
|c ©[2016]
|
| 300 |
|
|
|a 1 online resource (320 pages).
|
| 336 |
|
|
|a text
|b txt
|2 rdacontent
|
| 337 |
|
|
|a computer
|b c
|2 rdamedia
|
| 338 |
|
|
|a online resource
|b cr
|2 rdacarrier
|
| 505 |
0 |
|
|a Part I. Recruits -- Security Matter C -- Student radical -- Spain calling -- Dangerous crossing -- The elite of the internationals -- Code name Luis -- Part II. Professionals -- Volunteer activated -- Ghouls and dead doubles -- The agent who never was -- A balance of terror -- Mission to Albuquerque -- All networks blown -- A grave situation -- Agents on the run -- Part III. Masters -- Whispers of suspicion -- House of secrets -- Lock, stock, and barrel -- A Macbeth moment -- A most disgraceful case -- Swaps and a daring escape.
|
| 520 |
|
|
|a The true story of the master spies who stole the atomic bomb.
|
| 546 |
|
|
|a English.
|
| 588 |
|
|
|a Description based on print version record.
|
| 600 |
1 |
7 |
|a Kroger, Peter.
|2 fast
|0 (OCoLC)fst00143349
|
| 600 |
1 |
7 |
|a Kroger, Helen.
|2 fast
|0 (OCoLC)fst00143350
|
| 600 |
1 |
0 |
|a Kroger, Helen.
|
| 600 |
1 |
0 |
|a Kroger, Peter.
|
| 650 |
|
7 |
|a Spies.
|2 fast
|0 (OCoLC)fst01129772
|
| 650 |
|
7 |
|a Espionage, Soviet.
|2 fast
|0 (OCoLC)fst00915419
|
| 650 |
|
7 |
|a POLITICAL SCIENCE
|x International Relations
|x General.
|2 bisacsh
|
| 650 |
|
7 |
|a POLITICAL SCIENCE
|x Government
|x International.
|2 bisacsh
|
| 650 |
|
6 |
|a Espionnage sovietique
|z Grande-Bretagne.
|
| 650 |
|
6 |
|a Espionnage sovietique
|z États-Unis.
|
| 650 |
|
6 |
|a Espions
|z URSS
|v Biographies.
|
| 650 |
|
0 |
|a Espionage, Soviet
|z Great Britain.
|
| 650 |
|
0 |
|a Espionage, Soviet
|z United States.
|
| 650 |
|
0 |
|a Spies
|z Soviet Union
|v Biography.
|
| 651 |
|
7 |
|a United States.
|2 fast
|0 (OCoLC)fst01204155
|
| 651 |
|
7 |
|a Soviet Union.
|2 fast
|0 (OCoLC)fst01210281
|
| 651 |
|
7 |
|a Great Britain.
|2 fast
|0 (OCoLC)fst01204623
|
| 655 |
|
7 |
|a Biographies.
|2 fast
|0 (OCoLC)fst01919896
|
| 655 |
|
7 |
|a Electronic books.
|2 local
|
| 710 |
2 |
|
|a Project Muse.
|e distributor
|
| 830 |
|
0 |
|a Book collections on Project MUSE.
|
| 856 |
4 |
0 |
|z Texto completo
|u https://projectmuse.uam.elogim.com/book/45375/
|
| 945 |
|
|
|a Project MUSE - Custom Collection
|
| 945 |
|
|
|a Project MUSE - 2016 Complete
|
| 945 |
|
|
|a Project MUSE - 2016 History
|